000 00655cam a22002053a 4500
001 43935
003 PGUSA
005 20140828084012.0
008 131011s2013||||xxu|||||s|||||000 | eng d
040 _aPGUSA
_beng
042 _adc
100 1 _aKeese, William L.
245 1 0 _aWilliam E. Burton :
_bActor, Author, and Manager : A Sketch of his Career with Recollections of his Performances
_h[electronic resource] /
_cWilliam L. Keese
260 _bProject Gutenberg,
_c2013
506 _aPublic domain in the USA.
516 _aElectronic text
830 0 _aProject Gutenberg
_v43935
856 4 0 _uhttp://www.gutenberg.org/ebooks/43935
942 _cEB
999 _c273186
_d273186